| 000 | 00465 a2200169 4500 | ||
|---|---|---|---|
| 003 | NUST | ||
| 005 | 20230221161705.0 | ||
| 040 | _cNust | ||
| 082 | _a297.14,ZAI | ||
| 100 |
_aZaid, Muhammad _9109379 |
||
| 245 |
_aTufah al Ulama (Jild-2) / تحفہ العلماء (Urdu) / _cMoulana Mufti Muhammad Zaid |
||
| 260 |
_aLahore _bMukitaba tul Elim _c1989 |
||
| 300 | _a536 p.; | ||
| 490 | _vvol : 1 | ||
| 650 |
_aIslamic Laws _9104512 |
||
| 942 |
_2ddc _cBK _k297.14,ZAI |
||
| 999 |
_c593398 _d593398 |
||